| 000 | 00341nam a2200133Ia 4500 | ||
|---|---|---|---|
| 008 | 240624s9999 xx 000 0 und d | ||
| 041 | _aeng | ||
| 082 | _a338.973 SIN | ||
| 100 | _aSINGH JASWANT | ||
| 245 | _aOUR REPUBLIC POST 6 DECEMBER 1992 A DIAL | ||
| 260 |
_c2008 _aNew Delhi _bRupa and Company |
||
| 300 | _a160 : p. | ||
| 365 |
_cRS _b25 |
||
| 999 |
_c17620 _d17620 |
||